Gyal- Khab ; (Record no. 8325)

MARC details
000 -LEADER
fixed length control field 00374nam a22001337a 4500
008 - FIXED-LENGTH DATA ELEMENTS--GENERAL INFORMATION
fixed length control field 190819b ||||| |||| 00| 0 eng d
020 ## - INTERNATIONAL STANDARD BOOK NUMBER
International Standard Book Number 9789993695219
082 ## - DEWEY DECIMAL CLASSIFICATION NUMBER
Classification number 370 POW
100 ## - MAIN ENTRY--PERSONAL NAME
Personal name Powdyel, Thakur S.
245 ## - TITLE STATEMENT
Title Gyal- Khab ;
Remainder of title reflections on state, citizen, and citizenship education.
Statement of responsibility, etc. An invitation.
260 ## - PUBLICATION, DISTRIBUTION, ETC.
Date of publication, distribution, etc. 2019.
300 ## - PHYSICAL DESCRIPTION
Extent x, 67 p.
Dimensions 20 cm.
942 ## - Added entry Elements (Koha)
Source of classification or shelving scheme Dewey Decimal Classification
Holdings
Withdrawn status Lost status Source of classification or shelving scheme Damaged status Not for loan Collection code Home library Current library Shelving location Date acquired Serial Enumeration / chronology Total Checkouts Total Renewals Full call number Barcode Date last seen Date last checked out Price effective from Koha item type
    Dewey Decimal Classification     Main TEST RTC Library RTC Library Main opac 19/08/2019 14298 9 2 370 POW 30014791 05/10/2021 22/09/2021 19/08/2019 Main
    Dewey Decimal Classification     Main TEST RTC Library RTC Library Main opac 19/08/2019 14299 1 1 370 POW 30014528 29/10/2019 19/08/2019 19/08/2019 Main
Royal Thimphu College || All Right Reserved